[Event "Palma Bellon Memorial U18"]
[Site "Palma"]
[Date "2017.09.03"]
[Round "4.5"]
[White "Nieto Foresti, Sofia"]
[Black "Cisneros Serra, Jaume"]
[Result "0-1"]
[WhiteElo "1189"]
[BlackElo "1112"]
[PlyCount "53"]
[EventDate "2017.09.01"]
[EventType "swiss"]
[EventRounds "5"]
[EventCountry "ESP"]
[SourceTitle "EXT 2024"]
[Source "ChessBase"]
[SourceDate "2023.10.10"]
[SourceVersion "1"]
[SourceVersionDate "2023.10.10"]
[SourceQuality "1"]

1. e4 e5 2. Nf3 Nc6 3. Bc4 Bc5 4. 0-0 d6 5. h3 Nf6 6. d3 Be6 7. Bxe6 fxe6 8. Bg5 0-0 9. c3 Qd7 10. b4 Bb6 11. a4 a5 12. b5 Ne7 13. d4 exd4 14. e5 Ne4 15. cxd4 Nxg5 16. Nxg5 dxe5 17. dxe5 Qd4 18. Qxd4 Bxd4 19. Ra3 Bxe5 20. Re1 Bd4 21. Nc3 Bxf2+ 22. Kf1 Bg3+ 23. Ke2 Bxe1 24. Kxe1 Rad8 25. Nge4 b6 26. g4 Rd4 27. Nd2 0-1

[Event "Palma de Mallorca Arenal op"]
[Site "Palma de Mallorca"]
[Date "2016.10.22"]
[Round "3"]
[White "Nadal Bestard, Sebastian"]
[Black "Cisneros Serra, Jaume"]
[Result "1-0"]
[WhiteElo "1822"]
[BlackElo "1241"]
[PlyCount "75"]
[EventDate "2016.10.20"]
[EventType "swiss"]
[EventRounds "7"]
[EventCountry "ESP"]
[SourceTitle "EXT 2018"]
[Source "ChessBase"]
[SourceDate "2017.10.13"]
[SourceVersion "1"]
[SourceVersionDate "2017.10.13"]
[SourceQuality "1"]

1. c4 e5 2. Nc3 Nc6 3. g3 Bc5 4. Ne4 b6 5. Bg2 Bb7 6. Nf3 Nf6 7. Nxc5 bxc5 8. d3 d6 9. Qa4 h6 10. Nxe5 dxe5 11. Bxc6+ Bxc6 12. Qxc6+ Nd7 13. Be3 0-0 14. Bxc5 Nxc5 15. Qxc5 Re8 16. 0-0 Qd7 17. Kg2 a6 18. b4 Rab8 19. a4 Re6 20. b5 axb5 21. cxb5 Qd4 22. Qxc7 Qd5+ 23. Kg1 Qd6 24. Qc4 Ree8 25. Rfb1 Rec8 26. Qe4 Ra8 27. a5 f6 28. b6 Rcb8 29. a6 Qd7 30. b7 Ra7 31. Rc1 Qe6 32. Rc6 Qd7 33. Rac1 Rbxb7 34. Rc8+ Kf7 35. axb7 Rxb7 36. Qxb7 Qxb7 37. R8c7+ Qxc7 38. Rxc7+ 1-0